Bytový dom

Salvato in:
Dettagli Bibliografici
Autore principale: Olexík, Dominik (Autore)
Altri autori: Petro, Marek (Relatore della tesi)
Natura: Manoscritto Libro
Lingua:slovacco
Pubblicazione: 2024
Soggetti:
Accesso online:http://is.stuba.sk/zp/portal_zp.pl?podrobnosti=177876
https://opac.crzp.sk/?fn=detailBiblioForm&sid=C007B9F4EACE4D3BE9C443B8D8B7
Tags: Aggiungi Tag
Nessun Tag, puoi essere il primo ad aggiungerne!!

MARC

LEADER 00000ntm a22000003a 4500
001 stuzp99575
003 SK-STU
005 20240916143527.2
007 ta
008 150427s2015----xo-----f-mn---000-0-slo-d
040 |a STU  |b slo 
041 0 |a slo 
100 1 |a Olexík, Dominik  |u 010270  |4 aut  |U SvF Stavebná fakulta  |T SvF Katedra technológie stavieb  |X 110449  |U V270  |Y 28  |7 110449 
242 0 1 |a Apartment House  |y eng 
245 1 0 |a Bytový dom 
260 |c 2024 
650 4 |a Bytový komplex  |2 slo 
650 4 |a debnenie stien  |2 slo 
650 4 |a Peri DUO  |2 slo 
650 4 |a Residential complex  |2 eng 
650 4 |a wall formwork,  |2 eng 
650 4 |a Peri DUO  |2 eng 
700 1 |a Petro, Marek  |u 010270  |k Z8  |4 ths  |U SvF Stavebná fakulta  |T SvF Katedra technológie stavieb  |X 18958  |U V270  |Y 28  |7 A000018958 
856 4 |u http://is.stuba.sk/zp/portal_zp.pl?podrobnosti=177876 
856 4 |u https://opac.crzp.sk/?fn=detailBiblioForm&sid=C007B9F4EACE4D3BE9C443B8D8B7